| 000 | 00701cab a2200229 4500 | ||
|---|---|---|---|
| 001 | WB3014-105 | ||
| 008 | 090401t1994 xxu||||| |||| 00| 0 eng d | ||
| 035 | _a(Sirsi) u48370 | ||
| 041 | _aeng | ||
| 245 | _aCaution over private roads | ||
| 260 | _c1994 | ||
| 350 | _a0 | ||
| 490 |
_aFinancial Times _v15 April 1994, 10(1) |
||
| 520 | _aThe Government has called for the views of the construction industry on its plans for the priavte sector to build and operate a new generation of toll roads. | ||
| 650 | _aPRIVATE SECTOR | ||
| 650 | _aROAD BUILDING | ||
| 650 | _aSHADOW TOLLING | ||
| 650 | _aTOLL ROADS | ||
| 690 | _aTRANSPORT AND COMMUNICATIONS | ||
| 942 | _n0 | ||
| 948 | _c04/03/1997 | ||
| 999 |
_c30387 _d30387 |
||